Mémoires de ma vie (Record no. 101297)

MARC details
000 -LEADER
campo de control de longitud fija 00540nam a2200169 i 4500
001 - NÚMERO DE CONTROL
campo de control 101297
003 - IDENTIFICADOR DE NÚMERO DE CONTROL
campo de control ES-MaACL
005 - FECHA Y HORA DE LA ÚLTIMA TRANSACCIÓN
campo de control 20230906182852.0
007 - CAMPO FIJO DE DESCRIPCIÓN FÍSICA--INFORMACIÓN GENERAL
campo de control de longitud fija t|
008 - DATOS DE LONGITUD FIJA--INFORMACIÓN GENERAL
campo de control de longitud fija 051017s1935 fr ||||1| fre d
100 1# - ENTRADA PRINCIPAL--NOMBRE DE PERSONA
Nombre de persona Verlaine, Mathilde (
Fechas asociadas al nombre 1853-1922)
9 (RLIN) 154788
245 10 - MENCIÓN DEL TÍTULO
Título Mémoires de ma vie
Resto del título : précédés d'une introduction de M. François Porché /
Mención de responsabilidad, etc. Mathilde Mauté Fleurville.
260 ## - PUBLICACIÓN, DISTRIBUCIÓN, ETC.
Lugar de publicación, distribución, etc. Paris :
Nombre del editor, distribuidor, etc. André Brulliard,
Fecha de publicación, distribución, etc. 1935.
300 ## - DESCRIPCIÓN FÍSICA
Extensión 280 p. ;
Dimensiones 19 cm.
700 1# - ENTRADA AGREGADA--NOMBRE PERSONAL
Nombre de persona Porché, François.
9 (RLIN) 93120
852 ## - LOCALIZACIÓN
Ubicación ES-MaACL
Número de control de estantería A-3730
Holdings
Estatus retirado Estado de pérdida Estado de daño No para préstamo Biblioteca de origen Biblioteca actual Ubicación en estantería Fecha de adquisición Fuente de adquisición Total de préstamos Signatura topográfica completa Código de barras Visto por última vez Precio de reemplazo Tipo de ítem Koha
        Biblioteca del Ateneo de Madrid Biblioteca del Ateneo de Madrid Sala Pecera Planta 1 17/01/2008     A-3730 1105757 23/02/2023 23/02/2023 Libro impreso